Environmental impact assessment of Gas Sweetening Plant, Phase II and NGL Fractionation and Dearomatisation Plant at Gas Processing Complex, Hazira / (Record no. 15081)

000 -LEADER
fixed length control field 00657cam a22001697a 4500
040 ## - CATALOGING SOURCE
Transcribing agency DLC
082 ## - DEWEY DECIMAL CLASSIFICATION NUMBER
Classification number 823 NAT 1991 A097 Or.
245 00 - TITLE STATEMENT
Title Environmental impact assessment of Gas Sweetening Plant, Phase II and NGL Fractionation and Dearomatisation Plant at Gas Processing Complex, Hazira /
260 ## - PUBLICATION, DISTRIBUTION, ETC. (IMPRINT)
Place of publication Nagpur :
Name of publisher National Environmental Engineering Research Institute,
Year of publication 1991.
300 ## - PHYSICAL DESCRIPTION
Number of Pages xi, 201, [13] p. :
Other physical details ill., maps ;
Dimensions 30 cm.
500 ## - GENERAL NOTE
General note Cover title.
650 #0 - SUBJECT ADDED ENTRY--TOPICAL TERM
Topical Term Gas industry
650 #0 - SUBJECT ADDED ENTRY--TOPICAL TERM
Topical Term Environmental impact analysis
710 2# - ADDED ENTRY--CORPORATE NAME
Corporate name or jurisdiction name as entry element Hazira Project (India)
710 2# - ADDED ENTRY--CORPORATE NAME
Corporate name or jurisdiction name as entry element National Environmental Engineering Research Institute.
942 ## - ADDED ENTRY ELEMENTS (KOHA)
Koha item type សៀវភៅភាសាអង់គ្លេស

No items available.

មជ្ឈមណ្ឌលឯការនៃសាកលវិទ្យាល័យភូមិន្ទកសិកម្មចំការដូង

Powered by Koha